000 00966nam a22002175i 4500
001 164026
003 ES-MaACL
005 20230906212846.0
008 050818s1890 fr a | |||||||| ||fre d
040 _aCAM
_bspa
_cCAM
100 1 _aRousselet, Louis.
_9132111
245 1 2 _aL'Exposition Universelle de 1889 /
_cLouis Rousselet ; ouvrage publié avec la collaboration de O. Bacelle. R. Cazin, M. Daubin, E. Duhousset, F. Dillaye, H. Jacottet, N. Roussanof et L. Sevin.
260 _aParis :
_bLibrairie Hachette et Cie.,
_c1890.
300 _a318 p. :
_bil. ;
_c28 cm.
490 1 _aBibliothèque des écoles et des familles
500 _aIllustré de 70 gravures.
711 2 _aExposición Universal (
_d1889.
_cParís)
_9135154
830 0 _aBibliothèque des écoles et des familles
_9182248
852 _aES-MaACL
_jC-2287
_z-- Enc. tela roja con estampaciones en negro y dorado, con cortes dorados
_z-- Legado M. de la Fuente
999 _c164026
_d164026